Loading...
| Science - Biology | 0 | 4 | 1 | 1 | 35 | 74 | 90.00 | 1 | 3 | 8.29 | 26.67 |
| Social Science | 0 | 3 | 1 | 2 | 25 | 62 | 84.33 | 1 | 2 | 8.77 | 22.22 |
| Religion | 0 | 2 | 0 | 1 | 20 | 103 | 119.50 | 0 | 1 | 0.77 | 11.11 |
| History - American | 0 | 2 | 0 | 0 | 20 | 11 | 49.50 | 1 | 2 | 13.17 | 17.78 |
| Science - Other | 0 | 2 | 0 | 1 | 20 | 87 | 105.50 | 1 | 1 | 3.06 | 11.11 |
| Fine Arts - Other | 0 | 2 | 1 | 1 | 15 | 116 | 123.00 | 0 | 1 | 1.49 | 4.44 |
| Science - Physics | 0 | 2 | 1 | 0 | 15 | 18 | 37.50 | 2 | 2 | 14.76 | 22.22 |
| Other Academic | 0 | 1 | 0 | 1 | 10 | 88 | 88.00 | 0 | 0 | 8.26 | 6.67 |
| History - World | 0 | 1 | 0 | 0 | 10 | 91 | 91.00 | 0 | 1 | 3.02 | 8.89 |
| History - Other | 0 | 1 | 0 | 0 | 10 | 118 | 118.00 | 0 | 0 | 1.40 | 2.22 |
| Fine Arts - Painting and Sculpture | 0 | 1 | 0 | 0 | 10 | 102 | 102.00 | 0 | 0 | 1.34 | 2.22 |
| Philosophy | 0 | 1 | 0 | 0 | 10 | 125 | 125.00 | 0 | 0 | 0.00 | 2.22 |
| Science - Chemistry | 0 | 1 | 1 | 0 | 5 | 81 | 81.00 | 1 | 1 | 2.85 | 11.11 |